| 000 | 00542nam a22001697a 4500 | ||
|---|---|---|---|
| 003 | 0 | ||
| 005 | 20250910152132.0 | ||
| 008 | 250910b xxu||||| |||| 00| 0 eng d | ||
| 020 | _a978-1-266-89882-2 | ||
| 050 |
_aHB 171.5 _b.P75 2024 |
||
| 245 |
_aPrinciples of economics / _cRobert H. Frank, Ben S. Bernanke, Kate Antonovics, and Ori Heffetz. |
||
| 260 |
_aNew York, NY : _bMcGraw Hill LLC, _c2024. |
||
| 300 |
_axxxiv, various pagination : _billustrations ; _c28 cm. |
||
| 504 | _aIncludes index. | ||
| 650 | _aEconomics. | ||
| 942 |
_2lcc _cBK |
||
| 999 |
_c367873 _d367873 |
||